Statistics for Mongolia True or False?

Click here to take the quiz!

General Stats

  • This quiz has been taken 520 times
  • The average score is 10 of 15

Answer Stats

QuestionAnswer% Correct
Most of the Mongolians are Hindus.False
86%
Genghis Khan is considered as the founding father of Mongolia.True
83%
A region of China contains "Mongolia" in its name.True
82%
Mongolia is the country with the longest border with China.True
79%
Mongolia uses Latin alphabet.False
77%
Mongolia has already been communist.True
77%
Mongolia is in the Guinness World Record for the biggest wrestling competition.True
76%
Women can't have more than 4 children in Mongolia.False
74%
Camels are celebrated during a festival in Mongolia.True
69%
Mongolian horses usually have one or two chromosomes more than the other horses.True
62%
Mongolia is the country with the least air pollution.False
61%
An airag is a specific type of Mongolian ger.False
52%
Mongol Empire is the biggest empire that Earth has ever known.False
52%
The Chinese Ming dynasty was actually of Mongolian origins.False
41%
The oldest national park in the world is located in Mongolia.True
37%

Score Distribution

Percentile by Number Answered

Percent of People with Each Score

Your Score History

You have not taken this quiz